| 000 | 00956nam a2200265Ia 4500 | ||
|---|---|---|---|
| 003 | OSt | ||
| 005 | 20221007125455.0 | ||
| 006 | a|||||r|||| 00| 0 | ||
| 007 | ta | ||
| 008 | 221006b |||||||| |||| 00| 0 eng d | ||
| 020 |
_a0521530476 (pbk) _cRs.1,650.00 |
||
| 024 | _a11171 | ||
| 037 |
_bAdurlo, _cTextual |
||
| 040 |
_aCDL _cCDL _beng |
||
| 041 |
_2eng _aeng |
||
| 082 | _aE, P3;1 | ||
| 100 |
_aSimons Jack _9721997 |
||
| 245 | 0 | _a<An>Introduction to theoretical chemistry by Jack Simons | |
| 260 |
_aCambridge _bCambridge University Press _c2003 |
||
| 300 |
_axiii, 461p _ccm. |
||
| 500 | _aAppendix 452-458p; Index 459-461p; ^n23/CSL/CARC/2003-2004/1027^d2003-11-14^mPurchase; ; 2003-04/550^b2003-12-09^cAB/432/2003-04^d2003-12-02^eRs.4,761.00^fEducational Book Agency (India); ; 2004-01-15^bSB^c2004-01-15^dVinay | ||
| 650 | _aChemistry | ||
| 942 |
_hE, P3;1 _cTEXL _2CC |
||
| 999 |
_c1215348 _d1215348 |
||